Loading...
| Fine Arts - Classical Music | 5 | 20.00 | 100% | 80% | 20% |
| Fine Arts - Other Fine Arts | 3 | 26.67 | 100% | 100% | 67% |
| Fine Arts - Visual Fine Arts | 4 | 22.50 | 100% | 75% | 50% |
| Geography/Current Events | 2 | 15.00 | 100% | 50% | 0% |
| History - American History | 4 | 20.00 | 100% | 100% | 0% |
| History - European History | 7 | 18.57 | 100% | 86% | 0% |
| History - Other History | 5 | 20.00 | 100% | 80% | 20% |
| History - World History | 4 | 22.50 | 100% | 100% | 25% |
| Literature - American Literature | 2 | 15.00 | 100% | 50% | 0% |
| Literature - British Literature | 3 | 16.67 | 100% | 33% | 33% |
| Literature - European Literature | 4 | 17.50 | 100% | 50% | 25% |
| Literature - World/Other Literature | 6 | 18.33 | 100% | 67% | 17% |
| Mythology | 6 | 16.67 | 100% | 50% | 17% |
| Other Academic | 2 | 20.00 | 100% | 100% | 0% |
| Philosophy | 4 | 17.50 | 100% | 75% | 0% |
| Pop Culture | 1 | 20.00 | 100% | 100% | 0% |
| Religion | 5 | 10.00 | 100% | 0% | 0% |
| Science - Biology | 4 | 20.00 | 100% | 75% | 25% |
| Science - Chemistry | 2 | 25.00 | 100% | 100% | 50% |
| Science - Other Science | 6 | 21.67 | 100% | 100% | 17% |
| Science - Physics | 4 | 22.50 | 100% | 100% | 25% |
| Social Science | 4 | 10.00 | 100% | 0% | 0% |
| World/Other Literature> | 1 | 10.00 | 100% | 0% | 0% |